| 000 | 00636nab a2200205 a 4500 | ||
|---|---|---|---|
| 005 | 20210219161255.0 | ||
| 008 | 991125s1985 mx 000 0 spa u | ||
| 035 | _aUPN01000182066 | ||
| 100 | 1 | _aAvendaño Villafuerte, Elia | |
| 222 | _aCULTURAS INDIGENAS : | ||
| 222 | _bBOLETIN DE LA DIRECCION GENERAL DE INVESTIGACION Y PATRIMONIO CULTURAL | ||
| 245 | _aEl ejercicio de los derechos indígenas en la interculturalidad... un reto | ||
| 260 | _aMéxico | ||
| 300 | _a27-31 | ||
| 362 | 0 | _a2010 Vol. 2, no. 4 | |
| 653 | 0 | _aDERECHOS INDIGENAS | |
| 653 | 0 | _aEDUCACION INTERCULTURAL | |
| 653 | 0 | _aINDIGENAS | |
| 905 | _aArticulo | ||
| 999 |
_c154169 _d154169 |
||